00424nam a2200145Ia 450000500170000000800410001708200130005810000250007124500990009625000090019526000430020430000130024765000100026065000080027020240530003617.0240331s9999 xx 000 0 und d bGooa346 aGoonesekere, Savitri 4aThe legal status of the female in the Sri Lanka law on family relationscSavithiri Goonesekere a1 st aColombobM.D. Gunasena & Co. Ltdc1980 a112 p ., aWomen aLaw